| 000 | 00734 a2200229 4500 | ||
|---|---|---|---|
| 003 | OSt | ||
| 005 | 20180116192337.0 | ||
| 008 | 120524t xxu||||| |||| 00| 0 eng d | ||
| 010 | _a 90070203 | ||
| 020 | _a0500014914 : | ||
| 040 | _c0 | ||
| 082 | 0 | 0 | _a746.0954 |
| 100 | 1 |
_aGillow, John. _91833 |
|
| 245 | 1 | 0 |
_aTraditional Indian textiles / _cJohn Gillow and Nicholas Barnard. |
| 260 |
_aNew York : _bThames and Hudson, _cc1991. |
||
| 300 |
_a160 p. : _bill. (some col.), maps ; _c31 cm. |
||
| 500 | _aIncludes index | ||
| 650 | 0 |
_aTextile fabrics _zIndia _xThemes, motives. _91834 |
|
| 700 | 1 |
_aBarnard, Nicholas. _91835 |
|
| 942 |
_aSADA _cBK _k746.0954 GIL 1991 _2ddc |
||
| 999 |
_c352501 _d352501 |
||